000 00695cam a2200193 a 4500
001 000005728
005 20200929151748.0
008 841026s1968 ve a 001 0 spa
040 _aDO-SdBNP
_bspa
_cBNPHU
082 _a987
_bS623c
100 1 _aSiso Martínez, J. M.
_q(José Manuel Siso Martínez),
_d1918-1971.
_916199
245 1 0 _a150 años de vida republicana /
_cJ. M. Siso Martínez.
246 1 3 _aCiento cincueta años de vida republicana
260 _aCaracas, Venezuela :
_bMinisterio de Educación. Dirección Técnica,
_c1968.
300 _a243 p. :
_bil. ;
_c20 cm.
490 1 _aVirgilia ;
_v15.
651 4 _aVenezuela
_xHistoria
_y1810-1830
_916200
830 0 _aVirgilia ;
_n15
_916201
999 _c5524
_d5524